[Event "UT-RGV vs Kozminski Uni"]
[Site "chess24.com INT"]
[Date "2020.06.13"]
[Round "5.8"]
[White "Kaczmarek, Ale"]
[Black "Nurbekov, A.."]
[Result "1-0"]
[WhiteElo "2345"]
[BlackElo "2049"]
[PlyCount "79"]
[EventDate "2020.06.13"]
[EventType "team (rapid)"]
[EventRounds "8"]
[SourceTitle "Updates"]
[Source "OMCORR"]
[SourceDate "2020.11.02"]
[SourceVersion "1"]
[SourceVersionDate "2020.11.02"]
[SourceQuality "1"]
[WhiteTeam "Kozminski University"]
[BlackTeam "UT-RGV"]

1. e4 e5 2. Nf3 Nf6 3. Nxe5 d6 4. Nxf7 Kxf7 5. Nc3 Be7 6. d4 Bg4 7. f3 Be6 8.
Be2 Rf8 9. f4 Kg8 10. f5 Nxe4 11. Nxe4 Bxf5 12. Bf3 d5 13. Nf2 Bb4+ 14. c3 Re8+
15. Kf1 Be7 16. Qb3 Bh4 17. Qxd5+ Be6 18. Qxd8 Bc4+ 19. Kg1 Bxd8 20. Bf4 Nd7
21. Bxb7 Rb8 22. Bc6 Bb5 23. Bf3 Nf6 24. b3 a5 25. c4 Bd7 26. Nd3 a4 27. Nc5
axb3 28. axb3 Bg4 29. Kf2 Be7 30. Rhb1 Bxc5 31. dxc5 Bxf3 32. gxf3 c6 33. Bxb8
Rxb8 34. b4 Kf7 35. b5 cxb5 36. cxb5 Kg6 37. c6 Kf5 38. b6 Kf4 39. b7 Rd8 40.
b8=Q+ 1-0

[Event "ch-RUS Blitz 2019"]
[Site "Sochi RUS"]
[Date "2019.10.17"]
[Round "5.8"]
[White "Morozevich, A.."]
[Black "Eraschenkov, D.."]
[Result "1-0"]
[WhiteElo "2659"]
[BlackElo "2382"]
[PlyCount "41"]
[EventDate "2019.10.17"]
[EventType "swiss (blitz)"]
[EventRounds "15"]
[EventCountry "RUS"]
[SourceTitle "OM OTB B 201907"]
[Source "Opening Master"]
[SourceDate "2019.07.06"]
[SourceVersion "2"]
[SourceVersionDate "2019.07.06"]
[SourceQuality "1"]

1. e4 e5 2. Nf3 Nf6 3. Nxe5 d6 4. Nxf7 Kxf7 5. Nc3 Be7 6. Bc4+ Be6 7. Bxe6+
Kxe6 8. g4 g5 9. d4 d5 10. exd5+ Nxd5 11. Qe2+ Kf7 12. Qf3+ Nf6 13. Bxg5 Rg8
14. Bxf6 Bxf6 15. O-O-O Nc6 16. h4 Kg7 17. g5 Bxd4 18. Nb5 Rf8 19. Qg4 Bxb2+
20. Kxb2 Qe7 21. Rd7 1-0

[Event "44th Vsetin Open 2019"]
[Site "Vsetin CZE"]
[Date "2019.06.29"]
[Round "1.16"]
[White "Pycha, Patrik"]
[Black "Zavodny, Jaroslav"]
[Result "1-0"]
[WhiteElo "2050"]
[BlackElo "1829"]
[PlyCount "52"]
[EventDate "2019.06.29"]
[EventType "swiss"]
[EventRounds "9"]
[EventCountry "CZE"]
[SourceTitle "The Week in Chess 1288"]
[Source "Mark Crowther"]
[SourceDate "2019.07.15"]
[SourceVersion "1"]
[SourceVersionDate "2019.07.15"]
[SourceQuality "2"]

1. e4 e5 2. Nf3 Nf6 3. Nxe5 d6 4. Nxf7 Kxf7 5. d4 Be6 6. Bd3 Nbd7 7. O-O Be7 8.
f4 Nb6 9. f5 Bc4 10. Bxc4+ Nxc4 11. Qe2 d5 12. e5 Ne4 13. b3 Nb6 14. c4 h5 15.
c5 Nc8 16. Nd2 b6 17. Nxe4 dxe4 18. Qxe4 bxc5 19. d5 Nb6 20. Rd1 Re8 21. Qf3
Rh8 22. Bb2 Rh6 23. Qg3 Kf8 24. Bc1 Rh8 25. f6 gxf6 26. Qg6 Nxd5 1-0

[Event "Carabobo Acadar Cup"]
[Site "Carabobo"]
[Date "2019.01.06"]
[Round "7"]
[White "Nigro Monasterios, Nicola Alejandro"]
[Black "Gauna Rojas, Jose Gregorio"]
[Result "1/2-1/2"]
[WhiteElo "1541"]
[BlackElo "1950"]
[PlyCount "53"]
[EventDate "2019.01.04"]
[EventType "tourn"]
[EventRounds "14"]
[EventCountry "VEN"]
[SourceTitle "OM OTB B 201907"]
[Source "Opening Master"]
[SourceDate "2019.07.06"]
[SourceVersion "2"]
[SourceVersionDate "2019.07.06"]
[SourceQuality "1"]

1. e4 e5 2. Nf3 Nf6 3. Nxe5 d6 4. Nxf7 Kxf7 5. d4 c5 6. dxc5 Nc6 7. Bc4+ Be6 8.
Bxe6+ Kxe6 9. O-O d5 10. e5 Ne4 11. Qg4+ Kf7 12. Qf5+ Ke8 13. Nc3 Nd4 14. Qh5+
g6 15. Qg4 Bxc5 16. Nxe4 dxe4 17. Bg5 Qd5 18. Rad1 Qc6 19. Rfe1 Rf8 20. Bf6 Rf7
21. Qxe4 Qxe4 22. Rxe4 Ne6 23. c3 h5 24. g3 Rc8 25. Kg2 a5 26. f4 b5 27. Kf3
1/2-1/2

[Event "16th South Wales Int 2019"]
[Site "Cardiff WLS"]
[Date "2019.01.04"]
[Round "8.74"]
[White "Carreto Nieto, G."]
[Black "Behr, Julian"]
[Result "0-1"]
[WhiteElo "2148"]
[BlackElo "2064"]
[PlyCount "50"]
[EventDate "2019.07.07"]
[EventType "swiss"]
[EventRounds "9"]
[EventCountry "WLS"]
[SourceTitle "CBM 189"]
[Source "ChessBase"]
[SourceDate "2019.04.29"]
[SourceVersion "1"]
[SourceVersionDate "2019.04.29"]
[SourceQuality "1"]

1. e4 e5 2. Nf3 Nf6 3. Nxe5 d6 4. Nxf7 Kxf7 5. d4 c5 6. dxc5 Qa5+ 7. Nc3 Qxc5
8. Be3 Qc6 9. Bb5 Qc7 10. O-O Be7 11. Qd3 Be6 12. f4 Rc8 13. h3 Kg8 14. g4 Nbd7
15. g5 Nc5 16. Qd4 Nfd7 17. f5 Bf7 18. g6 hxg6 19. fxg6 Bxg6 20. Bc4+ Kh7 21.
Bf7 Bxf7 22. Rxf7 Bf6 23. Qd5 Qd8 24. Rf1 Qe8 25. Rf5 Ne6 0-1

[Event "TH-S-1113"]
[Site "IECC"]
[Date "2018.12.27"]
[Round "?"]
[White "Keiper, Archie"]
[Black "Holanda, Dogeval Ferreira"]
[Result "0-1"]
[WhiteElo "1703"]
[BlackElo "2206"]
[PlyCount "42"]
[EventDate "2018.??.??"]
[SourceTitle "OM Corr 202003"]
[Source "Opening Master"]
[SourceDate "2019.05.30"]
[SourceVersion "2"]
[SourceVersionDate "2019.05.30"]
[SourceQuality "1"]
[WhiteTeam "United States"]
[BlackTeam "Brazil"]
[WhiteTeamCountry "USA"]
[BlackTeamCountry "BRA"]

1. e4 e5 2. Nf3 Nf6 3. Nxe5 d6 4. Nxf7 Kxf7 5. d4 c5 6. c3 Nc6 7. Bc4+ d5 8.
Bxd5+ Nxd5 9. O-O Nf6 10. Qb3+ Kg6 11. Be3 cxd4 12. cxd4 Nxd4 13. Qc4 Nc6 14.
Nc3 h6 15. Rfd1 Qe8 16. Qd3 Ng4 17. Nd5 Nxe3 18. Qxe3 Qf7 19. Rac1 Bd6 20. f4
Kh7 21. e5 Bb8 0-1

[Event "FIN-chT 1819"]
[Site "Finland"]
[Date "2018.12.08"]
[Round "5.4"]
[White "Tuononen, Janne"]
[Black "Hentunen, Asko"]
[Result "1/2-1/2"]
[WhiteElo "2187"]
[BlackElo "2287"]
[PlyCount "97"]
[EventDate "2018.09.15"]
[EventType "team-tourn"]
[EventRounds "11"]
[EventCountry "FIN"]
[SourceTitle "OM OTB B 201907"]
[Source "Opening Master"]
[SourceDate "2019.07.06"]
[SourceVersion "2"]
[SourceVersionDate "2019.07.06"]
[SourceQuality "1"]
[WhiteTeam "Joensuu SK"]
[BlackTeam "Espoo MatSK"]
[WhiteTeamCountry "FIN"]
[BlackTeamCountry "FIN"]

1. e4 e5 2. Nf3 Nf6 3. Nxe5 d6 4. Nxf7 Kxf7 5. d4 Be7 6. Nc3 Re8 7. Bc4+ Be6 8.
Bxe6+ Kxe6 9. O-O Kf7 10. f4 Kg8 11. e5 Nfd7 12. Qf3 Nc6 13. e6 Nf6 14. Be3 Nb4
15. Bf2 c6 16. a3 Nbd5 17. Ne2 Qa5 18. g4 Nc7 19. f5 Qd5 20. Qxd5 Ncxd5 21. h3
Ne4 22. c4 Nb6 23. Rfc1 Nd2 24. Rc2 Ndxc4 25. b3 Na5 26. Be1 Nxb3 27. Rb1 Nxd4
28. Nxd4 d5 29. a4 Rab8 30. Bg3 Rbc8 31. a5 Nc4 32. Rxb7 Bc5 33. Bf2 Nxa5 34.
Rxg7+ Kxg7 35. Rxc5 Nb7 36. Rxc6 Nc5 37. Rxc8 Rxc8 38. g5 Ne4 39. Be3 Rc3 40.
Bf4 Nxg5 41. Be5+ Kg8 42. h4 Nf3+ 43. Nxf3 Rxf3 44. f6 h5 45. f7+ Kf8 46. Bd6+
Kg7 47. Be5+ Kg6 48. Bd6 Kg7 49. Be5+ 1/2-1/2

[Event "FICS rated blitz game"]
[Site "FICS freechess.org"]
[Date "2018.09.21"]
[Round "?"]
[White "comfort"]
[Black "ForgacsJ(FM)"]
[Result "0-1"]
[WhiteElo "1868"]
[BlackElo "2070"]
[PlyCount "96"]
[EventDate "2018.??.??"]
[EventType "blitz"]
[TimeControl "180"]
[WhiteClock "0:03:00"]
[BlackClock "0:03:00"]

1. e4 e5 2. Nf3 Nf6 3. Nxe5 d6 4. Nxf7 Kxf7 5. Bc4+ Be6 6. Bxe6+ Kxe6 7. c3 c5
8. Qb3+ Ke7 9. Qxb7+ Nbd7 10. O-O Qb6 11. Qxb6 axb6 12. d4 g6 13. Bg5 h6 14.
Bh4 g5 15. Bg3 Nh5 16. Nd2 Nxg3 17. hxg3 Bg7 18. a3 cxd4 19. cxd4 Bxd4 20. Nf3
Bxb2 21. Rab1 Bxa3 22. e5 dxe5 23. Rfe1 Bd6 24. Rbd1 Ra5 25. Nd2 Rd5 26. Ne4
Rxd1 27. Rxd1 Bc5 28. g4 Bd4 29. Kf1 Nf6 30. Ng3 Nxg4 31. Nf5+ Ke6 32. Nxd4+
exd4 33. Rxd4 Ne5 34. Rb4 Rb8 35. Ke2 b5 36. g3 Nc6 37. Re4+ Kd5 38. Re3 b4 39.
Rd3+ Nd4+ 40. Ke3 Re8+ 41. Kd2 Kc4 42. Re3 Rxe3 43. fxe3 Nf5 44. e4 Nxg3 45. e5
Nf5 46. e6 b3 47. Kc1 Kc3 48. Kb1 g4 {White resigns} 0-1

[Event "FICS rated blitz game"]
[Site "FICS freechess.org"]
[Date "2018.09.21"]
[Round "?"]
[White "Srbo"]
[Black "ForgacsJ(FM)"]
[Result "1-0"]
[WhiteElo "1994"]
[BlackElo "2066"]
[PlyCount "113"]
[EventDate "2018.??.??"]
[EventType "blitz"]
[TimeControl "180"]
[WhiteClock "0:03:00"]
[BlackClock "0:03:00"]

1. e4 e5 2. Nf3 Nf6 3. Nxe5 d6 4. Nxf7 Kxf7 5. d4 c5 6. Bc4+ Be6 7. Bxe6+ Kxe6
8. O-O cxd4 9. c3 d3 10. Qb3+ Ke7 11. Qxb7+ Nbd7 12. Bf4 Rb8 13. Qxa7 Qb6 14.
Qa4 Nc5 15. Qd1 Qxb2 16. Nd2 Qxc3 17. Rc1 Qd4 18. Be3 Qa4 19. e5 Qxd1 20. exf6+
Kxf6 21. Rfxd1 Rb2 22. Bxc5 dxc5 23. Ne4+ Kf7 24. Nxc5 d2 25. Rc4 Be7 26. Ne4
Rd8 27. Kf1 Rxa2 28. Ke2 Rd7 29. f4 Bd8 30. g4 Ba5 31. Ng5+ Ke7 32. Nxh7 Rd6
33. Ng5 Kf6 34. h4 Kg6 35. h5+ Kf6 36. Ne4+ Ke7 37. Nxd6 Kxd6 38. g5 Kd5 39.
Rc8 Ke4 40. h6 gxh6 41. gxh6 Kxf4 42. h7 Bc3 43. Rxc3 Ra8 44. Rxd2 Rh8 45. Rh3
Kg5 46. Rd5+ Kg6 47. Rdh5 Kg7 48. Rg3+ Kf7 49. Kf3 Kf8 50. Rg8+ Rxg8 51.
hxg8=Q+ Kxg8 52. Kf4 Kg7 53. Kf5 Kf7 54. Rh7+ Kg8 55. Ra7 Kh8 56. Kg6 Kg8 57.
Ra8# {Black checkmated} 1-0

[Event "Server Pyramide"]
[Site "BdF-Schachserver"]
[Date "2018.09.03"]
[Round "?"]
[White "Von Hauff, Christopher"]
[Black "Hasche, Marco"]
[Result "0-1"]
[WhiteElo "1552"]
[BlackElo "2022"]
[PlyCount "38"]
[EventDate "2008.12.22"]
[SourceTitle "OM Corr 202003"]
[Source "Opening Master"]
[SourceDate "2019.05.30"]
[SourceVersion "2"]
[SourceVersionDate "2019.05.30"]
[SourceQuality "1"]

1. e4 e5 2. Nf3 Nf6 3. Nxe5 d6 4. Nxf7 Kxf7 5. d4 c5 6. dxc5 Nc6 7. Bc4+ Be6 8.
Bxe6+ Kxe6 9. O-O Kf7 10. Qd3 Qd7 11. Qb3+ d5 12. exd5 Nd4 13. Qd3 Qxd5 14. Nc3
Qxc5 15. Be3 Rd8 16. Rad1 Nf3+ 17. gxf3 Rxd3 18. Bxc5 Rxd1 19. Rxd1 Bxc5 0-1

[Event "FICS rated blitz game"]
[Site "FICS freechess.org"]
[Date "2018.08.17"]
[Round "?"]
[White "ForgacsJ(FM)"]
[Black "leevorotation"]
[Result "0-1"]
[WhiteElo "2008"]
[BlackElo "1916"]
[PlyCount "50"]
[EventDate "2018.??.??"]
[EventType "blitz"]
[TimeControl "180"]
[WhiteClock "0:03:00"]
[BlackClock "0:03:00"]

1. e4 e5 2. Nf3 Nf6 3. Nxe5 d6 4. Nxf7 Kxf7 5. Nc3 c6 6. d4 d5 7. e5 Ne8 8. f4
g6 9. Bd3 Qh4+ 10. g3 Qe7 11. O-O Bh3 12. Rf2 Nd7 13. f5 gxf5 14. Bxf5 Bxf5 15.
Qh5+ Kg8 16. Qxf5 Ng7 17. Qg4 h5 18. Qf3 h4 19. Bf4 Ne6 20. gxh4 Nxf4 21. Qxf4
Bg7 22. Kh1 Rf8 23. Qg3 Rxf2 24. Qxf2 Qxh4 25. Qf5 Qxh2# {White checkmated} 0-1

[Event "AK-1902 oPCSE"]
[Site "BdF-Schachserver"]
[Date "2018.08.15"]
[Round "?"]
[White "Mehlhorn, Ingo"]
[Black "Rheindt, Stefan"]
[Result "0-1"]
[WhiteElo "1344"]
[BlackElo "1442"]
[PlyCount "68"]
[EventDate "2018.08.24"]
[SourceTitle "OM Corr 202003"]
[Source "Opening Master"]
[SourceDate "2019.05.30"]
[SourceVersion "2"]
[SourceVersionDate "2019.05.30"]
[SourceQuality "1"]

1. e4 e5 2. Nf3 Nf6 3. Nxe5 d6 4. Nxf7 Kxf7 5. d4 c5 6. dxc5 Qa5+ 7. Nc3 Qxc5
8. Be3 Qc6 9. Bb5 Qc7 10. O-O Be6 11. Nd5 Bxd5 12. exd5 Nbd7 13. Bxd7 Qxd7 14.
c4 Be7 15. Bg5 Rhe8 16. Qd3 h6 17. Bxf6 Bxf6 18. Qf3 Kg8 19. Rab1 Re5 20. b3
Rae8 21. a4 a5 22. Qd3 b6 23. Rbc1 Qf5 24. Qxf5 Rxf5 25. Rce1 Rxe1 26. Rxe1 Re5
27. Rxe5 Bxe5 28. g3 Kf7 29. Kg2 g5 30. f3 Kf6 31. Kf1 Bd4 32. Ke2 Bc5 33. Kd3
Kf5 34. Ke2 g4 0-1

[Event "South Wales op 15th"]
[Site "Cardiff"]
[Date "2018.07.12"]
[Round "9"]
[White "Jones, Gavin"]
[Black "Dixon, Chris"]
[Result "0-1"]
[WhiteElo "1630"]
[BlackElo "1754"]
[PlyCount "44"]
[EventDate "2018.07.07"]
[EventType "swiss"]
[EventRounds "9"]
[EventCountry "WLS"]
[SourceTitle "OM OTB B 201907"]
[Source "Opening Master"]
[SourceDate "2019.07.06"]
[SourceVersion "2"]
[SourceVersionDate "2019.07.06"]
[SourceQuality "1"]

1. e4 e5 2. Nf3 Nf6 3. Nxe5 d6 4. Nxf7 Kxf7 5. Nc3 Be7 6. d4 Re8 7. Qf3 Kg8 8.
Bc4+ Kh8 9. Be3 Nc6 10. Nd5 Nxd5 11. exd5 Nb4 12. O-O-O Rf8 13. Qe2 Bf5 14. c3
Na6 15. Bxa6 bxa6 16. Qxa6 Qd7 17. f3 Rfb8 18. Qe2 Qa4 19. a3 Qb3 20. Kd2 Qxb2+
21. Ke1 Qxa3 22. Kf2 Bf6 0-1

[Event "FICS rated blitz game"]
[Site "FICS freechess.org"]
[Date "2018.07.11"]
[Round "?"]
[White "ForgacsJ(FM)"]
[Black "salav"]
[Result "1-0"]
[WhiteElo "2028"]
[BlackElo "1828"]
[PlyCount "51"]
[EventDate "2018.??.??"]
[EventType "blitz"]
[TimeControl "180"]
[WhiteClock "0:03:00"]
[BlackClock "0:03:00"]

1. e4 e5 2. Nf3 Nf6 3. Nxe5 d6 4. Nxf7 Kxf7 5. Nc3 c6 6. d4 Be7 7. Bd3 Rf8 8.
O-O Kg8 9. f4 b6 10. f5 c5 11. Bc4+ Kh8 12. Bd5 Nxd5 13. Nxd5 Bb7 14. Nf4 Bxe4
15. Ne6 Qc8 16. Nxf8 Bxf8 17. f6 gxf6 18. Rxf6 Bg7 19. Bg5 Qc6 20. Qg4 Nd7 21.
Rf7 Nf8 22. Rxg7 Kxg7 23. Bf6+ Kxf6 24. Rf1+ Ke7 25. Qg7+ Ke6 26. Qf7# {
Black checkmated} 1-0

[Event "Novi Sad TS 80th"]
[Site "Novi Sad"]
[Date "2018.07.05"]
[Round "9"]
[White "Markovic, Miroslav"]
[Black "Savic, Miodrag R"]
[Result "0-1"]
[WhiteElo "2470"]
[BlackElo "2545"]
[PlyCount "78"]
[EventDate "2018.06.30"]
[EventType "tourn"]
[EventRounds "9"]
[EventCountry "SRB"]
[EventCategory "7"]
[SourceTitle "OM OTB B 201907"]
[Source "Opening Master"]
[SourceDate "2019.07.06"]
[SourceVersion "2"]
[SourceVersionDate "2019.07.06"]
[SourceQuality "1"]

1. e4 e5 2. Nf3 Nf6 3. Nxe5 d6 4. Nxf7 Kxf7 5. d4 c5 6. Nc3 Nc6 7. Bc4+ d5 8.
Nxd5 Na5 9. Nxf6+ Nxc4 10. Nd5 cxd4 11. Qxd4 Nb6 12. O-O Nxd5 13. c4 Qf6 14. e5
Nf4 15. Bxf4 Qf5 16. Qd5+ Be6 17. Qxb7+ Be7 18. Be3 Rhb8 19. Qc6 Rc8 20. Qb7
Bxc4 21. Rfd1 Rab8 22. Qxa7 Rxb2 23. a4 Qe4 24. Bg5 Rb7 25. Qe3 Qxe3 26. Bxe3
Ba6 27. a5 h5 28. Bb6 Ke6 29. g3 Rc2 30. Rd4 Kxe5 31. Re1+ Kf5 32. Rd5+ Kg6 33.
Re6+ Bf6 34. Rdd6 Kf7 35. Re1 Re7 36. Red1 Be2 37. Rb1 Re6 38. Rd7+ Kg6 39. Be3
Bf3 0-1

[Event "Bogota Mayores Alcaldia op 8th"]
[Site "Bogota"]
[Date "2018.06.09"]
[Round "2"]
[White "Becerra, Juan David"]
[Black "Nino Lopez, Michael Fabian"]
[Result "1-0"]
[WhiteElo "2290"]
[BlackElo "1807"]
[PlyCount "63"]
[EventDate "2018.06.08"]
[EventType "swiss"]
[EventRounds "7"]
[EventCountry "COL"]
[SourceTitle "OM OTB B 201907"]
[Source "Opening Master"]
[SourceDate "2019.07.06"]
[SourceVersion "2"]
[SourceVersionDate "2019.07.06"]
[SourceQuality "1"]

1. e4 e5 2. Nf3 Nf6 3. Nxe5 d6 4. Nxf7 Kxf7 5. d4 c6 6. Nc3 Be6 7. f3 Be7 8.
Bd3 Qb6 9. Ne2 Rf8 10. c3 Kg8 11. Qc2 Nbd7 12. Be3 Rac8 13. O-O Kh8 14. Qd2 c5
15. b3 Bf7 16. g4 Bg6 17. Rf2 d5 18. e5 Ne8 19. Raf1 Bxd3 20. Qxd3 c4 21. bxc4
dxc4 22. Qd2 Rd8 23. f4 Qg6 24. Rg2 Qe4 25. Ng3 Qd5 26. f5 b5 27. Qe2 b4 28. g5
bxc3 29. Qh5 Nxe5 30. dxe5 Qxe5 31. Bf4 Bc5+ 32. Kh1 1-0

[Event "Capablanca Festival GM"]
[Site "Pretoria RSA"]
[Date "2018.04.28"]
[Round "5.3"]
[White "Kobese, W."]
[Black "Van Zyl-Rudd, Jack"]
[Result "1-0"]
[WhiteElo "2336"]
[BlackElo "2252"]
[PlyCount "57"]
[EventDate "2018.04.26"]
[EventType "tourn"]
[EventRounds "9"]
[EventCountry "RSA"]
[EventCategory "6"]
[SourceTitle "The Week in Chess 1225"]
[Source "Mark Crowther"]
[SourceDate "2018.04.30"]
[SourceVersion "1"]
[SourceVersionDate "2018.04.30"]
[SourceQuality "2"]

1. e4 e5 2. Nf3 Nf6 3. Nxe5 d6 4. Nxf7 Kxf7 5. d4 Be6 6. Nc3 Kg8 7. Bd3 Nbd7 8.
O-O c5 9. d5 Bf7 10. a4 Qe7 11. Re1 Re8 12. Be3 a6 13. f3 g6 14. f4 Bg7 15. Bf2
g5 16. e5 dxe5 17. d6 Qd8 18. fxg5 Nh5 19. Bf5 Nf4 20. Ne4 Ne6 21. Qg4 Ndf8 22.
c3 Bg6 23. Rad1 Qd7 24. Ng3 Bxf5 25. Nxf5 Ng6 26. Be3 e4 27. Rf1 b6 28. h4 Nef8
29. h5 1-0

[Event "AUT-ch Seniors 50"]
[Site "Deutschlandsberg"]
[Date "2018.04.23"]
[Round "2"]
[White "Mulaj, Jakup"]
[Black "Bakalarz, Grazyna"]
[Result "1-0"]
[WhiteElo "1851"]
[BlackElo "1915"]
[PlyCount "59"]
[EventDate "2018.04.22"]
[EventType "swiss"]
[EventRounds "7"]
[EventCountry "AUT"]
[SourceTitle "OM OTB B 201907"]
[Source "Opening Master"]
[SourceDate "2019.07.06"]
[SourceVersion "2"]
[SourceVersionDate "2019.07.06"]
[SourceQuality "1"]

1. e4 e5 2. Nf3 Nf6 3. Nxe5 d6 4. Nxf7 Kxf7 5. Bc4+ Be6 6. Bxe6+ Kxe6 7. O-O
Kd7 8. d4 Kc8 9. c4 Nc6 10. Nc3 Be7 11. f4 Qd7 12. h3 h5 13. a3 h4 14. b4 Nh5
15. d5 Nd8 16. e5 dxe5 17. fxe5 Ng3 18. e6 Qe8 19. Rf3 Bf6 20. Ra2 Nxe6 21.
dxe6 Qxe6 22. Nd5 Rd8 23. Re3 Qc6 24. Rc2 Qa4 25. Bb2 b6 26. Bxf6 gxf6 27. Re7
c6 28. Qg4+ f5 29. Qf4 Rd7 30. Rxd7 1-0